| 000 | 00676nam a22001937a 4500 | ||
|---|---|---|---|
| 005 | 20100730114755.0 | ||
| 010 | _aENG-97161 | ||
| 020 |
_a9788187952220 _c75.00 |
||
| 035 | _aEN-80694 | ||
| 037 | _bDBAD/PUB | ||
| 082 | _a954.1 | ||
| 100 |
_aKakar, S. C. _9717 |
||
| 245 |
_aMumbai: _bcity guide / _cby S. C. Kakar |
||
| 260 |
_aKolkata _bMark-Age Services _c2010 |
||
| 270 |
_aME/5, Niva Park-III, Brahmapur, Kolkata _bKolkata _e700096 |
||
| 300 |
_a80p.: _c21cm (pbk) _ephotos _bill. |
||
| 942 |
_2ddc _cEN _h954.1 _mKAK |
||
| 999 |
_c38212 _d38212 |
||